Con Clara siamo in sei /

Questa è la storia di una famiglia numerosa composta da mamma, papà e i tre figli. Quando la madre si accorge di essere incinta, la notizia viene presa con molto entusiasmo, soprattutto dai piccoli che dimostreranno tutte le loro risorse. Però la madre scopre di avere una brutta malattia che potrebb...

Descrición completa

Gardado en:
Detalles Bibliográficos
Autor Principal: Härtling, Peter (Author)
Outros autores: Alfaioli, Massimo, Frisan, Anna
Formato: Libro
Idioma:Lingua italiana
Publicado: Casale Monferrato : Piemme junior, 1999
Series:Il battello a vapore. Serie arancio ; 43
Tags: Engadir etiqueta
Sen Etiquetas, Sexa o primeiro en etiquetar este rexistro!

MARC

LEADER 00000nam a22000007i 4500
001 IT\ICCU\TO0\0719123
003 ItRI
005 20241210092906.0
008 990303s1999 it |||||| ||||| |||||c
020 |a 8838436436 
020 |a 883849293X (In foglio alleg.) 
040 |b ita  |c CDM 
041 7 |a ita  |2 ISO-639-2 
082 |a 833.914R  |2 20 
100 1 |a Härtling, Peter  |0 IT\ICCU\CFIV\107796  |4 aut 
240 1 0 |a Mit Clara sind wir sechs.  |9 Härtling, Peter 
245 1 0 |a Con Clara siamo in sei /  |c Peter Härtling ; illustrazioni di Massimo Alfaioli ; traduzione di Anna Frisan. 
260 |a Casale Monferrato :  |b Piemme junior,  |c 1999 
300 |a 181 p. :  |b ill. ;  |c 19 cm. 
520 |a Questa è la storia di una famiglia numerosa composta da mamma, papà e i tre figli. Quando la madre si accorge di essere incinta, la notizia viene presa con molto entusiasmo, soprattutto dai piccoli che dimostreranno tutte le loro risorse. Però la madre scopre di avere una brutta malattia che potrebbe creare danni al feto, o meglio, alla piccola Clara... 
700 1 |a Alfaioli, Massimo  |0 IT\ICCU\RAVV\104123 
700 1 |a Frisan, Anna  |0 IT\ICCU\TO0V\315608 
830 3 |a Il battello a vapore. Serie arancio ;  |v 43  |0 IT\ICCU\RAV\0206861 
942 |2 ddc  |c BK 
952 |0 0  |1 0  |2 ddc  |4 0  |6 833_914000000000000_HAR_CON  |7 1  |9 2209  |a RA  |b RA  |d 2024-12-10  |l 0  |o 833.914 HAR CON  |p 9670  |r 2024-12-10 09:29:47  |w 2024-12-10  |y BK  |z Sezione ragazz3 
981 1 |6 z01  |a i   |b xxxe  
982 1 |6 z01  |a n 
999 |c 1942  |d 1942